000 00377nam a22001457a 4500
020 _qPB.
040 _cFIZZA ISHAQ
082 _a276.12
_bMIL
100 _aLOYER,MILTON.
_9134018
245 _aSTUDENT'S SOLUTIONS MANUAL /
_cMILTON LOYER.
250 _a11TH ED.
260 _aNEW YORK ;
_bADDISON-WESLEY PEARSON ,
_c2010.
300 _a326 P. ;
_c11.1X8.8IN
942 _2ddc
_cBK
999 _c616941
_d616941